Normal view
MARC view
Entry Topical Term
001 - CONTROL NUMBER
- control field: 10418
003 - CONTROL NUMBER IDENTIFIER
- control field: ARRUPE
005 - DATE AND TIME OF LATEST TRANSACTION
- control field: 20140520145143.0
008 - FIXED-LENGTH DATA ELEMENTS
- fixed length control field: 140520|| aca||aabn | a|a d
040 ## - CATALOGING SOURCE
- Original cataloging agency: ARRUPE
- Transcribing agency: ARRUPE
150 ## - HEADING--TOPICAL TERM
- Topical term or geographic name as entry element: Birds
- Geographic subdivision: South Africa.
670 ## - SOURCE DATA FOUND
- Source citation: Work cat.: (ARRUPE)0: Roberts, Austin, 1883-1948. 10417, Birds of South Africa., 1957